00557 2200193 4500001002100000005001500021035002000036007000300056008004100059020000600100082001600106084002200122100003100144245007200175260003800247300003500285600001900320650002400339INLIS00000000001344720260415024830 a0010-1025000194ta260415 0 ind  a- a390.5984762 a390.5984762 AND e0 aAndi Amytia Resty Dwiyanti1 aEksplorasi Budaya Kabupaten Bone /cAndi Amytia Resty Dwiyanti, dkk aJakarta :bPerpusnas Press,c2025 ax + 392 hlm. :bIlus. ;c21 cm 4aBone -- Budaya 4aKoleksi Karya Lokal